书目信息 |
| 题名: |
有机反应机理的基本原理
|
|
| 作者: | ;王建华 , 刘海智 译 | |
| 分册: | ||
| 出版信息: | 上海 上海科学技术出版社 1984 |
|
| 页数: | 511页 | |
| 开本: | 19cm | |
| 丛书名: | ||
| 单 册: | ||
| 中图分类: | O621.25 , O621.15 | |
| 科图分类: | ||
| 主题词: | 有机化合物-反应机理 , 反应机理-有机化合物 , 有机化学 | |
| 电子资源: | ||
| ISBN: | ||
| 000 | 01107nam0 2200349 45 | |
| 001 | 0184002037 | |
| 005 | 20040916150447.1 | |
| 010 | @dCNY3.30 | |
| 091 | @a13119.1145 | |
| 100 | @a19950525d1984 em y0chiy0121 ea | |
| 101 | 1 | @achi@ceng |
| 102 | @aCN@b310000 | |
| 105 | @ay z000yy | |
| 106 | @ar | |
| 200 | 10 | @a有机反应机理的基本原理@Ayou ji fan ying ji li de ji ben yuan li@f(美)J.密尔顿 哈利斯, 卡尔C.万穆塞著@F(Mei)J.Mi Er Dun Ha Li Si,Ka Er C.Wan Mu Sai Zhu@g王建华,刘海智译 |
| 210 | @a上海@c上海科学技术出版社@d1984 | |
| 215 | @a511页@d19cm | |
| 300 | @a书名原文:Fundamentals of Organic Reaction Mechanisms | |
| 510 | 1 | @aFundamentals of Organic Reaction Mechanisms@zeng |
| 606 | @a有机化合物-反应机理 | |
| 606 | @a反应机理-有机化合物 | |
| 606 | 0 | @a有机化学 |
| 690 | @aO621.25@v3 | |
| 690 | @aO621.15@v3 | |
| 701 | A1 | @bC.C.@4著 |
| 701 | 0 | @a密尔顿哈利斯@4著 |
| 701 | 0 | @a万穆塞@4著 |
| 702 | 0 | @a王建华@Awang jian hua@4译 |
| 702 | 0 | @a刘海智@Aliu hai zhi@4译 |
| 801 | 0 | @aCN@b上海图书馆@c20040524 |
| 801 | 2 | @aCN@bNLC@c20040524 |
| 905 | @dO621.15@e35@f1@b170609 | |
| 有机反应机理的基本原理/(美)J.密尔顿 哈利斯, 卡尔C.万穆塞著/王建华,刘海智译.-上海:上海科学技术出版社,1984 |
| 511页;19cm |
| 书名原文:Fundamentals of Organic Reaction Mechanisms |
| ISBN :CNY3.30 |
| ● |
| 相关链接 |
|
|
|
|
正题名:有机反应机理的基本原理
索取号:O621.15/35
 
预约/预借
| 序号 | 登录号 | 条形码 | 馆藏地/架位号 | 状态 | 备注 |
| 1 | 0170606 | 000699550 | 密集书库/ [索取号:O621.15/35] | 在馆 | |
| 2 | 0170607 | 000699541 | 第三借阅区/ [索取号:O621.15/35] | 在馆 | |
| 3 | 0170609 | 001958199 | 密集书库/ [索取号:O621.15/35] | 在馆 |